عالم الملائكة الأبرار / (رقم التسجيلة. 684)

تفاصيل مارك
000 -LEADER
fixed length control field 00557nam a22001937a 4500
005 - DATE AND TIME OF LATEST TRANSACTION
control field 20251108163346.0
008 - FIXED-LENGTH DATA ELEMENTS--GENERAL INFORMATION
fixed length control field 250721s1985 xx 000 0 ara d
082 14 - DEWEY DECIMAL CLASSIFICATION NUMBER
Classification number 214.2/عمر
100 1# - MAIN ENTRY--PERSONAL NAME
Personal name الأشقر، عمر
245 10 - TITLE STATEMENT
Title عالم الملائكة الأبرار /
250 ## - EDITION STATEMENT
Edition statement ط4
264 1# - PRODUCTION, PUBLICATION, DISTRIBUTION, MANUFACTURE, AND COPYRIGHT NOTICE
Place of production, publication, distribution, manufacture الكويت :
Name of producer, publisher, distributor, manufacturer الفلاح،
Date of production, publication, distribution, manufacture, or copyright notice 1985.
300 ## - PHYSICAL DESCRIPTION
Extent 95ص
490 0# - SERIES STATEMENT
Series statement القيدة في ضوء الكتاب والسنة ؛2
650 17 - SUBJECT ADDED ENTRY--TOPICAL TERM
Topical term or geographic name as entry element أصول الدين الإسلامي
650 17 - SUBJECT ADDED ENTRY--TOPICAL TERM
Topical term or geographic name as entry element الملائكة
942 ## - ADDED ENTRY ELEMENTS (KOHA)
Source of classification or shelving scheme Dewey Decimal Classification
Koha item type كتب
المقتنيات
حالة السحب حالة الفقدان مصدر التصنيف حالة التلف غير قابل للإعارة المكتبة الرئيسية المكتبة الحالية موقع الرف تاريخ التزويد الرقم المتسلسل Total Checkouts رقم الإستدعاء تاريخ آخر ظهور تاريخ الفاتورة نوع المادة (كوها)
    Dewey Decimal Classification Unchecked   مكتبة الجويدة مكتبة الجويدة الإعارة 06/07/2004 4402   214.2/عمر 28/07/2025 06/07/2004 كتب
    Dewey Decimal Classification Unchecked   مكتبة الحسن العامة مكتبة الحسن العامة الإعارة 06/07/2004 2791   214.2/عمر 28/07/2025 06/07/2004 كتب
Implemented & Customized by: BBB with SCIT (Smart Chains for Information Technology)

Powered by Koha